Male and Female Names - Statistics

General Stats
  • This quiz has been taken 32 times
  • The average score is 14 of 20
Answer Stats
Male Version Female Version % Correct
Michael Michelle
97%
Alexander Alexandra
90%
Patrick Patricia
90%
Daniel Danielle
86%
Eric Erica
86%
Joseph Josephine
86%
Stephen Stephanie
86%
Victor Victoria
83%
Robert Roberta
79%
Paul Paula
72%
Andrew Andrea
69%
Nicholas Nicole
66%
Adrian Adriana
62%
Christopher Christina
62%
Henry Henrietta
62%
Samuel Samantha
62%
Anthony Antonia
59%
Gabriel Gabriela
59%
Charles Charlotte
41%
David Davida
24%
No matching quizzes found
Score Distribution
Percent of People with Each Score
Percentile by Number Answered
Your Score History
You have not taken this quiz